000 00692nam a22001935i 4500
001 176417
003 ES-MaACL
005 20250614063109.0
008 110113n1890 sp |||| | spa d
100 1 _aQuilis Cortell, José María.
_9144744
_eaut
245 1 0 _aMemoria relativa a un nuevo suspensorio de miembro y testículos /
_cinventado por José María Quilis Cortell
260 _aValencia :
_b[s.n.,
_cca. 1890] (
_f(Imp. y Lit. de J. Berenguer)
300 _a11 p. :
_bil. ;
_c20 cm.
650 7 _aAparato genital masculino
_9147178
852 _aES-MaACL
_jT-427-F-9
_cDEPOF
942 _2udc
_cFOLLETOS
_n0
999 _c176417
_d176417